000 00952nam a2200265 i 4500
003 DO-SdBNP
005 20240228192634.0
007 ta
008 230619b2022 dr a|||| |||| 00| 0 spa d
020 _a9789945926941
040 _aDO-SdBNP
_bspa
_cBNPHU
_erda
082 4 _222
100 _aMercedes Piña, Ircania,
_eautora
_983558
245 1 0 _aPuedes lograrlo, lucha por lo que sueñas /
_cIrcania Mercedes Piña ; cuidado de edición Diómedes Núñez Polanco
264 _aSanto Domingo :
_bTalleres Gráficos La voz de María,
_c2022.
300 _a111 páginas :
_bilustraciones ;
_c21 cm.
336 _2rdacontent
_atexto
_btxt
337 _2rdamedia
_asin mediación
_bn
338 _2rdacarrier
_avolumen
_bnc
500 _aIncluye datos biográficos y notas al final de las páginas
590 _aInventariado, 2023/BT
700 1 _aNuñez Polanco, Diómedes
_d1952-
_ecuidado de edición
_983559
910 _aBtavárez
942 _2ddc
_cLBS1
999 _c53858
_d53858